000 00738nam a2200229Ia 4500
005 20250108125106.0
008 008 250107s9999 xx 000 0 hin d
020 _a978-93-92598-19-7
037 _aTB
040 _aCRL
_bhin
_cCRL
041 _ahin
_2hin
084 _aV247.P P5
084 _qCRL
100 _aमलिक, कुसुमलता, ले.
245 0 _aअंतिम जन तक
_cमलिक, कुसुमलता, ले.
260 _aनई दिल्ली, भारत
_bदुआबा पब्लिकेशन
_c3283
300 _a521पृ0
365 _aINR
_b750
650 _aसमाजशास्त्र
942 _cTB
_hV247.P P5
999 _c1235671
_d1235671